| 000 | 00518nam a2200193Ia 4500 | ||
|---|---|---|---|
| 005 | 20250508152621.0 | ||
| 008 | 008 250505s9999 xx 000 0 eng d | ||
| 037 | _aTextual | ||
| 040 |
_aFEDL _beng _cFEDL |
||
| 041 |
_aeng _2eng |
||
| 084 |
_a510, NEL _qFEDL |
||
| 100 |
_aNelson G D _9761971 |
||
| 245 | 0 | _aMaking mathematics work | |
| 260 |
_aCambridge _bHoughton Mifflin Company |
||
| 300 | _aix,630p | ||
| 700 |
_a Grime H E _9761972 |
||
| 942 |
_cTEXL _h510, NEL |
||
| 999 |
_c1337628 _d1337628 |
||